000
00329nam a22001457a 4500
003
SGT
020
_a
9788173156948
082
_a
923.154
_b
V08A
100
_a
A.P.J. ABDUL KALAM
245
_a
VIJAYI BHAVA
260
_a
INDIA
_b
PARBHAT PARKASHAN
_c
2008
300
_a
176
650
_a
PRIME MINISTER OF INDIA
942
_2
ddc
_c
BK
999
_c
25986
_d
25986